Aṣṭādhyāyī-bhāṣya-prathamāvr̥tti. (Record no. 67522)

MARC details
000 -LEADER
fixed length control field 00873cam a22002891 4500
001 - CONTROL NUMBER
control field sa 66000938
003 - CONTROL NUMBER IDENTIFIER
control field DLC
005 - DATE AND TIME OF LATEST TRANSACTION
control field 20260227112218.0
008 - FIXED-LENGTH DATA ELEMENTS--GENERAL INFORMATION
fixed length control field 900208m19641968ii c b 000 0 sano
010 ## - LIBRARY OF CONGRESS CONTROL NUMBER
LC control number sa 66000938
035 ## - SYSTEM CONTROL NUMBER
System control number (OCoLC)21021568
040 ## - CATALOGING SOURCE
Original cataloging agency DLC
Transcribing agency WaU
Modifying agency DLC
041 0# - LANGUAGE CODE
Language code of text/sound track or separate title sanhin
042 ## - AUTHENTICATION CODE
Authentication code premarc
050 00 - LIBRARY OF CONGRESS CALL NUMBER
Classification number PK511 1964
100 0# - MAIN ENTRY--PERSONAL NAME
Personal name Pāṇini.
245 10 - TITLE STATEMENT
Title Aṣṭādhyāyī-bhāṣya-prathamāvr̥tti.
260 ## - PUBLICATION, DISTRIBUTION, ETC.
Date of publication, distribution, etc. 1964-68.
300 ## - PHYSICAL DESCRIPTION
Extent 3 v.
Other physical details port.
Dimensions 22 cm.
440 #0 - SERIES STATEMENT/ADDED ENTRY--TITLE
Title Rāmalāla Kapūra Ṭrasṭa granthamālā,
Volume/sequential designation naṃ. 32
500 ## - GENERAL NOTE
General note Completed by Yudhishthir Mimamsak.
500 ## - GENERAL NOTE
General note Sanskrit and Hindi; introductory matter in Hindi.
504 ## - BIBLIOGRAPHY, ETC. NOTE
Bibliography, etc. note Bibliographical footnotes.
650 #0 - SUBJECT ADDED ENTRY--TOPICAL TERM
Topical term or geographic name entry element Sanskrit language
General subdivision Grammar.
700 1# - ADDED ENTRY--PERSONAL NAME
Personal name Jijnasu, Brahmadatta,
Dates associated with a name 1892-1964.
700 0# - ADDED ENTRY--PERSONAL NAME
Personal name Yudhiṣṭhira Mīmāṃsaka,
Dates associated with a name 1909-

No items available.

Powered by Koha